Sociolingüística
Salvato in:
| Autore principale: | |
|---|---|
| Natura: | Libro |
| Lingua: | spagnolo |
| Pubblicazione: |
Madrid
Síntesis
1990
|
| Serie: | Colección Lingüística, 13
|
| Soggetti: | |
| Tags: |
Aggiungi Tag
Nessun Tag, puoi essere il primo ad aggiungerne!!
|
MARC
| LEADER | 00000nam a2200000 a 4500 | ||
|---|---|---|---|
| 001 | UCO6547 | ||
| 003 | CL-VaPUC | ||
| 008 | 001027e19900000SP |||||||||||||||||spa|d | ||
| 020 | |a 8477380449 | ||
| 082 | 0 | 4 | |a 306.44 |b ROT |2 21 |
| 100 | 0 | |a Rotaetxe Amusategi, Karmele |e author |9 451262 | |
| 245 | 1 | 0 | |a Sociolingüística |
| 300 | |a 183 p | ||
| 942 | |c BK | ||
| 945 | |d 20001027 00:00:00 |a vberengu | ||
| 260 | |a Madrid |b Síntesis |c 1990 | ||
| 650 | 0 | |a Aspectos socioculturales |9 451263 | |
| 650 | 0 | |a Bilingüismo |9 307482 | |
| 650 | 7 | |a DIGLOSIA |2 CL-VaPUC |9 387669 | |
| 650 | 7 | |a PLURILINGUISMO SOCIAL |2 CL-VaPUC |9 387667 | |
| 583 | |a last modification |c 20001027 00:00:00 |k Rodrigo Vera | ||
| 490 | 0 | |a Colección Lingüística, 13 | |
| 999 | |c 292035 |d 292033 | ||
| 952 | |0 0 |1 0 |4 0 |6 306_440000000000000_ROT_1990 |7 0 |8 A |9 342544 |a FDOPOS |b FDOPOS |d 2019-11-20 |i 3664279 |o 306.44 ROT 1990 |p 3664279 |r 2025-01-22 |w 2019-11-20 |y BK |k MLA | ||
| 952 | |0 0 |1 0 |4 0 |6 306_440000000000000_ROT_1990 |7 0 |8 A |9 342545 |a FDOPOS |b FDOPOS |d 2019-11-20 |i 3719774 |o 306.44 ROT 1990 |p 3719774 |r 2025-01-22 |w 2019-11-20 |y BK |k MLA | ||
| 952 | |0 0 |1 0 |4 0 |6 306_440000000000000_ROT_1990 |7 0 |8 A |9 342547 |a FDOPOS |b FDOPOS |d 2019-11-20 |i 4271408 |o 306.44 ROT 1990 |p 4271408 |r 2025-01-22 |w 2019-11-20 |y BK |k MLA | ||